[Event "MSU Cup"]
[Site "Moscow"]
[Date "2024.04.25"]
[Round "9.2"]
[White "Kovalevskaya, Ekaterina"]
[Black "Yeremyan, Alen"]
[Result "1-0"]
[WhiteElo "2281"]
[BlackElo "2279"]
[PlyCount "91"]
[EventDate "2024.04.22"]
[EventType "team-tourn"]
[EventRounds "9"]
[EventCountry "RUS"]
[SourceTitle "CB18_2024"]
[SourceDate "2024.05.01"]
[SourceVersion "1"]
[SourceVersionDate "2024.05.01"]
[SourceQuality "2"]
[WhiteTeam "Azerbaijan"]
[BlackTeam "Armenia"]
[WhiteTeamCountry "AZE"]
[BlackTeamCountry "ARM"]

1. Nf3 Nf6 2. g3 g6 3. Bg2 Bg7 4. 0-0 0-0 5. d4 d5 6. c4 dxc4 7. Na3 a5 8. Nxc4 a4 9. Nfe5 c6 10. e4 Nfd7 11. Be3 b5 12. Nxd7 Nxd7 13. Na3 Ba6 14. Nc2 b4 15. Nxb4 Bxf1 16. Qxf1 Rc8 17. Rc1 c5 18. dxc5 Bxb2 19. Rd1 Qe8 20. Qc4 Ne5 21. Qc2 a3 22. Nd5 Nc6 23. Bh6 e6 24. Nb6 Rd8 25. Bxf8 Qxf8 26. Na4 Bd4 27. Rb1 Qe7 28. Kh1 Ne5 29. h3 Rc8 30. f4 Nc6 31. e5 Nd8 32. Rd1 Be3 33. Rd3 Bxc5 34. Nxc5 Nb7 35. Bxb7 Rxc5 36. Qg2 Rc1+ 37. Kh2 Rb1 38. Bf3 Qb4 39. Rd2 Rb2 40. Re2 h5 41. h4 Kg7 42. Qf2 Rb1 43. Qg2 Qc3 44. Rc2 Qa1 45. Be4 Qd4 46. Rd2 1-0

[Event "Titled Tuesday intern op 16th Apr Early"]
[Site "Chess.com INT"]
[Date "2024.04.16"]
[Round "4"]
[White "Erigaisi, Arjun Kumar"]
[Black "Yeremyan, Alen"]
[Result "0-1"]
[WhiteElo "2756"]
[BlackElo "2279"]
[PlyCount "100"]
[EventDate "2024.04.16"]
[EventType "swiss (blitz)"]
[EventRounds "11"]
[EventCountry "USA"]
[SourceTitle "CB17_2024"]
[SourceDate "2024.04.24"]
[SourceVersion "1"]
[SourceVersionDate "2024.04.24"]
[SourceQuality "1"]

1. Nf3 Nf6 2. b3 b6 3. Bb2 Bb7 4. c4 c5 5. Nc3 g6 6. e4 Bg7 7. Nd5 0-0 8. Nxf6+ Bxf6 9. Bxf6 exf6 10. d3 f5 11. Nd2 fxe4 12. dxe4 Re8 13. Bd3 Nc6 14. 0-0 Nd4 15. Re1 d6 16. Nf1 Qf6 17. f3 h5 18. Ne3 h4 19. Ng4 Qg5 20. Qc1 Qxc1 21. Raxc1 Kg7 22. Kf2 h3 23. gxh3 f5 24. exf5 gxf5 25. Ne3 Kf6 26. Nd5+ Bxd5 27. cxd5 Rh8 28. Bf1 Rae8 29. f4 Re4 30. Rxe4 fxe4 31. Bg2 Re8 32. Rc3 Nf5 33. Ke1 b5 34. h4 b4 35. Rc2 Nd4 36. Rc1 Rg8 37. Kf1 Kf5 38. Re1 Re8 39. h5 e3 40. h6 Kxf4 41. Kg1 e2 42. Kf2 Rh8 43. h4 Rxh6 44. Rh1 a5 45. h5 Kg5 46. Bf3 Rf6 47. h6 Rxf3+ 48. Ke1 Rf8 49. h7 Rh8 50. Kd2 Kg6 0-1

[Event "Titled Tuesday intern op 16th Apr Early"]
[Site "Chess.com INT"]
[Date "2024.04.16"]
[Round "3"]
[White "Paikens, Reinis"]
[Black "Yeremyan, Alen"]
[Result "0-1"]
[WhiteElo "2179"]
[BlackElo "2279"]
[PlyCount "182"]
[EventDate "2024.04.16"]
[EventType "swiss (blitz)"]
[EventRounds "11"]
[EventCountry "USA"]
[SourceTitle "CB17_2024"]
[SourceDate "2024.04.24"]
[SourceVersion "1"]
[SourceVersionDate "2024.04.24"]
[SourceQuality "1"]

1. c4 Nf6 2. Nc3 d5 3. cxd5 Nxd5 4. g3 g6 5. Bg2 c6 6. Nf3 Bg7 7. 0-0 0-0 8. d4 Nd7 9. e4 Nxc3 10. bxc3 Nb6 11. Re1 Nc4 12. Nd2 Nxd2 13. Bxd2 c5 14. Be3 cxd4 15. cxd4 Bd7 16. Rb1 b6 17. Qd2 Rc8 18. Rec1 h5 19. Bh6 e6 20. Bxg7 Kxg7 21. Rxc8 Bxc8 22. Rc1 Bb7 23. d5 exd5 24. exd5 Qd6 25. Qc3+ Kg8 26. Qc7 Qxc7 27. Rxc7 Rb8 28. f4 a5 29. Kf2 b5 30. Ke3 b4 31. Kd4 a4 32. Rc4 Ba6 33. Rc6 Bb5 34. Rc7 b3 35. axb3 axb3 36. Be4 b2 37. d6 Ra8 38. Kc3 Rd8 39. Rb7 Ba4 40. Rb4 Be8 41. Rb6 Kg7 42. Kxb2 Bd7 43. Kc3 Kf6 44. Kd4 Be6 45. Kc5 h4 46. Rb7 Rc8+ 47. Rc7 Rd8 48. Bb7 hxg3 49. hxg3 g5 50. Bc6 gxf4 51. gxf4 Kf5 52. Bd5 Bd7 53. Bxf7 Kxf4 54. Bd5 Ke5 55. Bc6 Be6 56. d7 Bxd7 57. Bxd7 Kf4 58. Bc6 Ke5 59. Re7+ Kf6 60. Re2 Rd1 61. Bd5 Kf5 62. Kd6 Kf4 63. Re4+ Kf5 64. Re3 Rd4 65. Rf3+ Rf4 66. Re3 Rd4 67. Re5+ Kf6 68. Rh5 Kg6 69. Rh2 Rd1 70. Rf2 Rd2 71. Ke5 Rxf2 72. Be4+ Kg5 73. Bd5 Re2+ 74. Kd4 Kf4 75. Kc3 Re7 76. Bg8 Ke3 77. Kb2 Rc7 78. Ka1 Kd2 79. Be6 Kc1 80. Bg8 Rg7 81. Be6 Rg3 82. Bf7 Kd2 83. Be6 Kc3 84. Bf7 Kb4 85. Be6 Re3 86. Bf5 Ka3 87. Bh7 Rg3 88. Bf5 Rg5 89. Bh7 Ra5 90. Bg6 Ra6 91. Kb1 Rxg6 0-1

[Event "Titled Tuesday intern op 16th Apr Early"]
[Site "Chess.com INT"]
[Date "2024.04.16"]
[Round "10"]
[White "Souleidis, Georgios"]
[Black "Yeremyan, Alen"]
[Result "0-1"]
[WhiteElo "2418"]
[BlackElo "2279"]
[PlyCount "63"]
[EventDate "2024.04.16"]
[EventType "swiss (blitz)"]
[EventRounds "11"]
[EventCountry "USA"]
[SourceTitle "CB17_2024"]
[SourceDate "2024.04.24"]
[SourceVersion "1"]
[SourceVersionDate "2024.04.24"]
[SourceQuality "1"]

1. e4 c5 2. Be2 g6 3. d3 Bg7 4. f4 d6 5. Nf3 e6 6. 0-0 Ne7 7. c3 0-0 8. Be3 Nbc6 9. d4 cxd4 10. cxd4 d5 11. e5 a6 12. Qd2 b5 13. Nc3 Bb7 14. Rac1 Rc8 15. b3 Qa5 16. g4 f6 17. exf6 Bxf6 18. Ne5 Nxe5 19. fxe5 Bg7 20. Rxf8+ Rxf8 21. Nxd5 Qd8 22. Nxe7+ Qxe7 23. Rf1 Rc8 24. Rc1 Rxc1+ 25. Qxc1 Qd7 26. Bf1 Qd5 27. h3 Bf8 28. Qd2 Qh1+ 29. Kf2 a5 30. Qxa5 Qf3+ 31. Ke1 Qxe3+ 32. Be2 0-1

[Event "Titled Tuesday intern op 16th Apr Early"]
[Site "Chess.com INT"]
[Date "2024.04.16"]
[Round "11"]
[White "Yeremyan, Alen"]
[Black "Suyarov, Mukhammadzokhid"]
[Result "0-1"]
[WhiteElo "2279"]
[BlackElo "2405"]
[PlyCount "76"]
[EventDate "2024.04.16"]
[EventType "swiss (blitz)"]
[EventRounds "11"]
[EventCountry "USA"]
[SourceTitle "CB17_2024"]
[SourceDate "2024.04.24"]
[SourceVersion "1"]
[SourceVersionDate "2024.04.24"]
[SourceQuality "1"]

1. e4 e5 2. Nf3 Nf6 3. Nc3 Nc6 4. d4 exd4 5. Nxd4 Bb4 6. Nxc6 bxc6 7. Bd3 d5 8. exd5 0-0 9. 0-0 cxd5 10. h3 c6 11. Qf3 Rb8 12. Bg5 Bd6 13. Rab1 h6 14. Bf4 Rb4 15. Bxd6 Qxd6 16. b3 Rf4 17. Qg3 Nh5 18. Qh2 Qf6 19. Ne2 Rh4 20. Rbe1 c5 21. f4 Qb6 22. c4 d4 23. f5 Qf6 24. Nf4 Bb7 25. Nd5 Qg5 26. Rf3 Bxd5 27. cxd5 Nf4 28. d6 Nxd3 29. Rxd3 Qxf5 30. Rf3 Qd5 31. Qg3 Rh5 32. Re7 Rg5 33. Qf4 d3 34. d7 d2 35. Kh2 d1Q 36. Re8 Qxd7 37. Rxf8+ Kxf8 38. Qb8+ Qd8 0-1

[Event "Titled Tuesday intern op 02nd Apr Early"]
[Site "Chess.com INT"]
[Date "2024.04.02"]
[Round "3"]
[White "Deng, Henry"]
[Black "Yeremyan, Alen"]
[Result "0-1"]
[WhiteElo "2305"]
[BlackElo "2279"]
[PlyCount "126"]
[EventDate "2024.04.02"]
[EventType "swiss (blitz)"]
[EventRounds "11"]
[EventCountry "USA"]
[SourceTitle "CB15_2024"]
[SourceDate "2024.04.10"]
[SourceVersion "1"]
[SourceVersionDate "2024.04.10"]
[SourceQuality "1"]

1. e4 c5 2. Nc3 Nc6 3. Bb5 e6 4. Bxc6 bxc6 5. f4 d5 6. d3 Nf6 7. Nf3 c4 8. e5 Nd7 9. dxc4 Ba6 10. Nd4 Qb6 11. Nce2 c5 12. Nb5 Bxb5 13. cxb5 Qxb5 14. 0-0 g6 15. c3 h5 16. a4 Qb6 17. c4 d4 18. Ng3 Be7 19. Ne4 a5 20. Ra3 Nb8 21. Rb3 Qc7 22. Rb5 Na6 23. Bd2 0-0 24. Bxa5 Qc6 25. Qd3 Kg7 26. Rb6 Qd7 27. b3 Rfb8 28. Rxb8 Rxb8 29. h3 Qb7 30. Rb1 Nb4 31. Bxb4 Qxb4 32. Nd2 Ra8 33. Nf3 h4 34. Ne1 Qa3 35. Qc2 Qb4 36. Nd3 Qb6 37. Qe2 Rxa4 38. Qc2 Ra3 39. Qb2 Qa7 40. Qc1 Ra2 41. Kh2 Qa8 42. Qf1 Qe4 43. Re1 Qb7 44. Rb1 Rd2 45. Rd1 Rc2 46. Rb1 Qa8 47. Rc1 Ra2 48. Rb1 Qc6 49. Kg1 g5 50. fxg5 Bxg5 51. Ra1 Be3+ 52. Kh1 Rd2 53. Ra7 Qe8 54. Nxc5 Rf2 55. Qd1 Qc6 56. Qg4+ Kf8 57. Nd7+ Qxd7 58. Rc7 Rf1+ 59. Kh2 Bg1+ 60. Kh1 Bf2+ 61. Kh2 Bg3+ 62. Qxg3 hxg3+ 63. Kxg3 Qxc7 0-1

[Event "Titled Tuesday intern op 13th Feb Early"]
[Site "Chess.com INT"]
[Date "2024.02.13"]
[Round "9"]
[White "Kuderinov, Kirill"]
[Black "Yeremyan, Alen"]
[Result "1-0"]
[WhiteElo "2364"]
[BlackElo "2279"]
[PlyCount "129"]
[EventDate "2024.02.13"]
[EventType "swiss (blitz)"]
[EventRounds "11"]
[EventCountry "USA"]
[SourceTitle "CB08_2024"]
[SourceDate "2024.02.21"]
[SourceVersion "1"]
[SourceVersionDate "2024.02.21"]
[SourceQuality "1"]

1. e4 Nf6 2. e5 Nd5 3. c4 Nb6 4. d4 d6 5. exd6 cxd6 6. Nc3 g6 7. Be2 Bg7 8. h3 0-0 9. Nf3 Bf5 10. b3 d5 11. c5 Nc8 12. Bb2 Be4 13. Nxe4 dxe4 14. Ne5 Nc6 15. 0-0 e6 16. Nxc6 bxc6 17. Bc4 Ne7 18. Re1 f5 19. f3 Nd5 20. fxe4 fxe4 21. Rxe4 Qg5 22. Qg4 Qxg4 23. hxg4 Kh8 24. Rxe6 Nb4 25. a3 Nc2 26. Rd1 Rad8 27. Re4 Rfe8 28. Rxe8+ Rxe8 29. Rd2 Ne3 30. Re2 h5 31. gxh5 gxh5 32. Bf7 Re7 33. Bxh5 Kh7 34. Bf3 Bh6 35. Bxc6 Rf7 36. Bf3 Nd1 37. Ba1 Ne3 38. d5 Bf4 39. d6 Kg6 40. Bd4 Nf5 41. Re6+ Kg5 42. Bf2 a5 43. b4 axb4 44. axb4 Ra7 45. Re1 Nh4 46. Be4 Bd2 47. Rd1 Bxb4 48. c6 Ra2 49. d7 Be7 50. Bxh4+ Kxh4 51. d8Q Bxd8 52. Rxd8 Kg3 53. Rd3+ Kf4 54. Bf3 Ra1+ 55. Kh2 Ra2 56. Rc3 Ra8 57. c7 Rh8+ 58. Kg1 Rc8 59. Bb7 Rg8 60. c8Q Rg4 61. Qxg4+ Ke5 62. Re3+ Kf6 63. Qe6+ Kg7 64. Rg3+ Kh7 65. Qg6+ 1-0

[Event "Titled Tuesday intern op 13th Feb Early"]
[Site "Chess.com INT"]
[Date "2024.02.13"]
[Round "5"]
[White "Yeremyan, Alen"]
[Black "Sreyas, Payyappat"]
[Result "0-1"]
[WhiteElo "2279"]
[BlackElo "2080"]
[PlyCount "52"]
[EventDate "2024.02.13"]
[EventType "swiss (blitz)"]
[EventRounds "11"]
[EventCountry "USA"]
[SourceTitle "CB08_2024"]
[SourceDate "2024.02.21"]
[SourceVersion "1"]
[SourceVersionDate "2024.02.21"]
[SourceQuality "1"]

1. e4 c6 2. Nc3 d5 3. Qe2 d4 4. Nd1 e5 5. d3 Nf6 6. g3 c5 7. h3 Nc6 8. f4 Bd6 9. Bg2 Qc7 10. Nf3 b5 11. 0-0 Bb7 12. a4 b4 13. b3 0-0-0 14. f5 g6 15. Bg5 Nh5 16. Bxd8 Qxd8 17. Qf2 gxf5 18. exf5 e4 19. dxe4 Bxg3 20. Qe2 Nf4 21. Qb5 Rg8 22. Ne1 Qg5 23. Rxf4 Qxf4 24. Qe2 Bxe1 25. Qxe1 Ne5 26. Qf2 Qxe4 0-1

[Event "Titled Tuesday intern op 06th Feb Early"]
[Site "Chess.com INT"]
[Date "2024.02.06"]
[Round "8"]
[White "Puranik, Abhimanyu Sameer"]
[Black "Yeremyan, Alen"]
[Result "1-0"]
[WhiteElo "2635"]
[BlackElo "2279"]
[PlyCount "87"]
[EventDate "2024.02.06"]
[EventType "swiss (blitz)"]
[EventRounds "11"]
[EventCountry "USA"]
[SourceTitle "CB07_2024"]
[SourceDate "2024.02.14"]
[SourceVersion "1"]
[SourceVersionDate "2024.02.14"]
[SourceQuality "1"]

1. Nf3 Nf6 2. g3 g6 3. b3 Bg7 4. Bb2 0-0 5. Bg2 d5 6. c4 c5 7. cxd5 Qxd5 8. Nc3 Qf5 9. 0-0 Nc6 10. Rc1 Qh5 11. Na4 b6 12. d4 Rd8 13. Qe1 Bh3 14. dxc5 b5 15. Nc3 Ng4 16. Nh4 Bxg2 17. Kxg2 Nxh2 18. Kxh2 g5 19. Kg2 gxh4 20. Rh1 Bf6 21. Rb1 Qf5 22. f3 Qc2 23. Ba1 Qg6 24. Ne4 Bxa1 25. Rxa1 f5 26. Nc3 hxg3 27. Qxg3 a6 28. Rh6 Qxg3+ 29. Kxg3 Nd4 30. Rah1 b4 31. Na4 Nxe2+ 32. Kf2 Nf4 33. Rxh7 e5 34. Nb6 Rd2+ 35. Ke1 Rad8 36. Rh8+ Kg7 37. Rxd8 Rxd8 38. c6 Ne6 39. Kf2 Rd2+ 40. Ke3 Rc2 41. Nc4 Kf6 42. Rh6+ Ke7 43. Nxe5 Re2+ 44. Kxe2 1-0

[Event "Titled Tuesday intern op 06th Feb Early"]
[Site "Chess.com INT"]
[Date "2024.02.06"]
[Round "7"]
[White "Yeremyan, Alen"]
[Black "Bettalli, Francesco"]
[Result "1-0"]
[WhiteElo "2279"]
[BlackElo "2300"]
[PlyCount "65"]
[EventDate "2024.02.06"]
[EventType "swiss (blitz)"]
[EventRounds "11"]
[EventCountry "USA"]
[SourceTitle "CB07_2024"]
[SourceDate "2024.02.14"]
[SourceVersion "1"]
[SourceVersionDate "2024.02.14"]
[SourceQuality "1"]

1. Nf3 g6 2. g3 Bg7 3. d4 c6 4. Bg2 d5 5. 0-0 Nf6 6. c4 0-0 7. cxd5 cxd5 8. Ne5 Ng4 9. Nc3 Nxe5 10. dxe5 d4 11. Nd5 Bxe5 12. Bh6 Re8 13. e3 Nc6 14. exd4 Bxd4 15. b4 e6 16. b5 exd5 17. bxc6 Bxa1 18. Qxa1 f6 19. c7 Qd6 20. Bf4 Qe6 21. Qd4 Kg7 22. Bxd5 Qa6 23. Bc4 Qc6 24. Bd5 Qa6 25. h4 Bh3 26. Rb1 Bf5 27. Rxb7 Re1+ 28. Kh2 Rc8 29. h5 g5 30. Bxg5 Re5 31. h6+ Kg6 32. Bf4 Qf1 33. Bg2 1-0

[Event "Titled Tuesday intern op 06th Feb Early"]
[Site "Chess.com INT"]
[Date "2024.02.06"]
[Round "6"]
[White "Yeremyan, Alen"]
[Black "Mitrabha, Guha"]
[Result "0-1"]
[WhiteElo "2279"]
[BlackElo "2526"]
[PlyCount "74"]
[EventDate "2024.02.06"]
[EventType "swiss (blitz)"]
[EventRounds "11"]
[EventCountry "USA"]
[SourceTitle "CB07_2024"]
[SourceDate "2024.02.14"]
[SourceVersion "1"]
[SourceVersionDate "2024.02.14"]
[SourceQuality "1"]

1. e4 c6 2. Nc3 d5 3. d4 dxe4 4. Nxe4 Nf6 5. Nxf6+ gxf6 6. c3 h5 7. Bd3 h4 8. Ne2 h3 9. g3 Qd5 10. Rg1 Bf5 11. Qc2 Bxd3 12. Qxd3 e6 13. Be3 Nd7 14. Qc2 Bd6 15. a3 0-0-0 16. 0-0-0 Nb6 17. Nf4 Bxf4 18. Bxf4 a5 19. a4 Qa2 20. b3 Qxc2+ 21. Kxc2 Nd5 22. Bd2 b6 23. c4 Ne7 24. Bc3 Rh6 25. Rd3 Nf5 26. g4 Nd6 27. f3 Kb7 28. Bd2 Rg6 29. Re1 Nc8 30. d5 cxd5 31. cxd5 exd5 32. Bf4 f5 33. gxf5 Rg2+ 34. Kc3 Rd7 35. Kd4 Na7 36. Re8 Nc6+ 37. Ke3 d4+ 0-1

[Event "Titled Tuesday intern op 09th Jan Early"]
[Site "Chess.com INT"]
[Date "2024.01.09"]
[Round "10"]
[White "Yeremyan, Alen"]
[Black "Salem, AR Saleh"]
[Result "1-0"]
[WhiteElo "2279"]
[BlackElo "2630"]
[PlyCount "87"]
[EventDate "2024.01.09"]
[EventType "swiss (blitz)"]
[EventRounds "11"]
[EventCountry "USA"]
[SourceTitle "CB03_2024"]
[SourceDate "2024.01.17"]
[SourceVersion "1"]
[SourceVersionDate "2024.01.17"]
[SourceQuality "1"]

1. e4 c5 2. Nc3 Nc6 3. Bb5 Nd4 4. Bc4 e6 5. Nge2 Nc6 6. 0-0 Nf6 7. d4 cxd4 8. Nxd4 d6 9. Nxc6 bxc6 10. Bd3 Be7 11. Qe2 d5 12. b3 0-0 13. Bb2 Nd7 14. Rad1 Bf6 15. Na4 Bxb2 16. Nxb2 Nc5 17. c4 a5 18. Rfe1 Bb7 19. Bb1 Qf6 20. e5 Qe7 21. Rd4 Rfd8 22. Red1 h6 23. Qc2 Ne4 24. f3 c5 25. cxd5 cxd4 26. Qxe4 g6 27. d6 Qd7 28. Qxd4 Bd5 29. Nd3 Qa7 30. Qxa7 Rxa7 31. Rc1 Kf8 32. Kf2 Rb8 33. Ke3 a4 34. b4 a3 35. Kd4 g5 36. h4 gxh4 37. Rh1 Rab7 38. Kc3 Rc8+ 39. Nc5 h3 40. gxh3 Bxf3 41. Rg1 Bd5 42. Bh7 Rxc5+ 43. bxc5 Ke8 44. Bc2 1-0

[Event "Titled Tuesday intern op 09th Jan Early"]
[Site "Chess.com INT"]
[Date "2024.01.09"]
[Round "7"]
[White "Yeremyan, Alen"]
[Black "Skatchkov, Valery"]
[Result "1-0"]
[WhiteElo "2279"]
[BlackElo "2213"]
[PlyCount "71"]
[EventDate "2024.01.09"]
[EventType "swiss (blitz)"]
[EventRounds "11"]
[EventCountry "USA"]
[SourceTitle "CB03_2024"]
[SourceDate "2024.01.17"]
[SourceVersion "1"]
[SourceVersionDate "2024.01.17"]
[SourceQuality "1"]

1. e4 e5 2. Nf3 Nf6 3. d4 Nxe4 4. dxe5 d5 5. exd6 Bxd6 6. Bd3 Nc5 7. 0-0 Nxd3 8. Qxd3 0-0 9. Ng5 g6 10. Ne4 Bf5 11. Bh6 Qh4 12. Qxd6 cxd6 13. Bxf8 Bxe4 14. Bxd6 Nc6 15. Bg3 Qf6 16. Nc3 Bxc2 17. Nd5 Qd4 18. Ne3 Qxb2 19. Rac1 Nd4 20. Kh1 Re8 21. Bh4 Bd3 22. Rfd1 Nf5 23. Bg5 Nxe3 24. Bxe3 Bf5 25. h4 Qxa2 26. Rc7 Qb3 27. Rdc1 a5 28. h5 gxh5 29. Bd4 Qb4 30. R1c4 Re1+ 31. Kh2 Qd6+ 32. g3 h6 33. Bc3 Rd1 34. Rxb7 Kh7 35. Rxf7+ Kg6 36. Rg7# 1-0

[Event "Titled Tuesday intern op 19th Dec Early"]
[Site "Chess.com INT"]
[Date "2023.12.19"]
[Round "9"]
[White "Naroditsky, Daniel"]
[Black "Yeremyan, Alen"]
[Result "1-0"]
[WhiteElo "2619"]
[BlackElo "2279"]
[PlyCount "79"]
[EventDate "2023.12.19"]
[EventType "swiss (blitz)"]
[EventRounds "11"]
[EventCountry "USA"]
[SourceTitle "CB52_2023"]
[SourceDate "2023.12.27"]
[SourceVersion "1"]
[SourceVersionDate "2023.12.27"]
[SourceQuality "1"]

1. e4 c5 2. c3 Nf6 3. e5 Nd5 4. Nf3 Nc6 5. Bc4 Nb6 6. Bb3 g6 7. d4 cxd4 8. Ng5 d5 9. exd6 e6 10. Ne4 Bg7 11. 0-0 0-0 12. cxd4 Nxd4 13. Bg5 f6 14. Qxd4 fxg5 15. Qd2 h6 16. Nbc3 Kh7 17. Rad1 Bd7 18. Nc5 Qe8 19. Rfe1 e5 20. Nxd7 Nxd7 21. Ba4 Rd8 22. Qd5 Nb6 23. Bxe8 Nxd5 24. Bxg6+ Kxg6 25. Rxd5 e4 26. Nxe4 Rfe8 27. f3 Re5 28. Red1 Rxd5 29. Rxd5 Bxb2 30. Kf2 b6 31. Ke3 Kf7 32. h4 Ke6 33. Rb5 Bc1+ 34. Kd4 Bf4 35. hxg5 hxg5 36. Nxg5+ Bxg5 37. Rxg5 Rxd6+ 38. Ke3 Rd1 39. Rg7 a5 40. Rg6+ 1-0

[Event "Titled Tuesday intern op 19th Dec Early"]
[Site "Chess.com INT"]
[Date "2023.12.19"]
[Round "10"]
[White "Yeremyan, Alen"]
[Black "Kvaloy, Aksel Bu"]
[Result "1/2-1/2"]
[WhiteElo "2279"]
[BlackElo "2443"]
[PlyCount "153"]
[EventDate "2023.12.19"]
[EventType "swiss (blitz)"]
[EventRounds "11"]
[EventCountry "USA"]
[SourceTitle "CB52_2023"]
[SourceDate "2023.12.27"]
[SourceVersion "1"]
[SourceVersionDate "2023.12.27"]
[SourceQuality "1"]

1. e4 e5 2. Nf3 Nf6 3. Nc3 Nc6 4. d4 Bd6 5. Nb5 Nxe4 6. Bd3 Nf6 7. Nxd6+ cxd6 8. 0-0 e4 9. Re1 d5 10. Bf1 0-0 11. Ne5 d6 12. Nxc6 bxc6 13. b3 Qa5 14. Bd2 Qb6 15. Be3 Bg4 16. Qd2 Be6 17. c4 h6 18. c5 Qd8 19. cxd6 Qxd6 20. Bf4 Qd7 21. Rac1 Nh5 22. Be3 f5 23. Be2 Nf6 24. Rc2 g5 25. f4 exf3 26. Bxf3 f4 27. Bf2 Bf5 28. Rcc1 Rae8 29. Re5 Be4 30. Qc3 Ng4 31. Rxe8 Rxe8 32. Qxc6 Qxc6 33. Rxc6 Bxf3 34. gxf3 Ne3 35. Rxh6 Kg7 36. Rd6 Rc8 37. Bxe3 fxe3 38. Re6 Rc1+ 39. Kg2 Rc2+ 40. Kg3 e2 41. Kg4 Kf7 42. Re5 Kf6 43. Rf5+ Ke6 44. Re5+ Kf6 45. a4 a5 46. h3 Rb2 47. Kg3 Rxb3 48. Kf2 Rb4 49. Rxd5 Rxa4 50. Kxe2 Ke6 51. Rxg5 Rxd4 52. Rxa5 Rh4 53. Ra6+ Kf5 54. Ra5+ Kf6 55. Ke3 Rxh3 56. Kf4 Rh4+ 57. Kg3 Rb4 58. Ra6+ Kf5 59. Ra5+ Kf6 60. Rc5 Ra4 61. f4 Ra1 62. Rc6+ Kf5 63. Rc5+ Kf6 64. Re5 Rg1+ 65. Kf3 Rf1+ 66. Ke4 Re1+ 67. Kd5 Rf1 68. Re4 Kf5 69. Re8 Rxf4 70. Rf8+ Kg4 71. Rg8+ Kf3 72. Ke5 Rg4 73. Rf8+ Kg3 74. Ke6 Ra4 75. Rf6 Ra6+ 76. Kf7 Rxf6+ 77. Kxf6 1/2-1/2

[Event "Titled Tuesday intern op 19th Dec Early"]
[Site "Chess.com INT"]
[Date "2023.12.19"]
[Round "4"]
[White "Zimmermann, Ulrich"]
[Black "Yeremyan, Alen"]
[Result "0-1"]
[WhiteElo "2280"]
[BlackElo "2279"]
[PlyCount "94"]
[EventDate "2023.12.19"]
[EventType "swiss (blitz)"]
[EventRounds "11"]
[EventCountry "USA"]
[SourceTitle "CB52_2023"]
[SourceDate "2023.12.27"]
[SourceVersion "1"]
[SourceVersionDate "2023.12.27"]
[SourceQuality "1"]

1. Nf3 Nf6 2. g3 g6 3. Bg2 Bg7 4. 0-0 0-0 5. c4 c5 6. Nc3 Nc6 7. Ne1 d6 8. Nc2 Bd7 9. Rb1 Qc8 10. a3 Bh3 11. b4 Bxg2 12. Kxg2 Ne5 13. d3 h5 14. Bg5 Re8 15. Bxf6 Bxf6 16. Nd5 Bg7 17. h3 e6 18. Nf4 h4 19. gxh4 Qd8 20. Kh2 Qxh4 21. e3 b6 22. Ne1 Bh6 23. Nfg2 Qf6 24. f4 Nc6 25. e4 Bg7 26. Ne3 Qh4 27. N1g2 Qh6 28. Ng4 Qh7 29. f5 exf5 30. exf5 gxf5 31. Nf2 Nd4 32. bxc5 Be5+ 33. Kh1 Kh8 34. Ne3 Bg3 35. Nd5 Re2 36. Qxe2 Nxe2 37. cxb6 axb6 38. Rxb6 Be5 39. Re1 Ng3+ 40. Kg2 Rg8 41. Reb1 Ne4+ 42. Kf1 Nd2+ 43. Ke2 Nxb1 44. Rxb1 Qh5+ 45. Kf1 Qf3 46. d4 Rg2 47. Rb8+ Kg7 0-1

[Event "Titled Tuesday intern op 12th Dec Early"]
[Site "Chess.com INT"]
[Date "2023.12.12"]
[Round "7"]
[White "Kokoszczynski, Jan"]
[Black "Yeremyan, Alen"]
[Result "1-0"]
[WhiteElo "2250"]
[BlackElo "2279"]
[PlyCount "61"]
[EventDate "2023.12.12"]
[EventType "swiss (blitz)"]
[EventRounds "11"]
[EventCountry "USA"]
[SourceTitle "CB51_2023"]
[SourceDate "2023.12.20"]
[SourceVersion "1"]
[SourceVersionDate "2023.12.20"]
[SourceQuality "1"]

1. e4 Nf6 2. e5 Nd5 3. d4 d6 4. Bc4 Nb6 5. Bb3 dxe5 6. Qf3 e6 7. dxe5 Nc6 8. Qg3 Nd4 9. Nf3 Nf5 10. Qh3 a5 11. c3 Be7 12. Nbd2 0-0 13. Bc2 h6 14. g4 Nh4 15. Nxh4 Bxh4 16. Nf3 Be7 17. g5 Nd5 18. gxh6 g6 19. h7+ Kh8 20. Bh6 b5 21. 0-0-0 Bb7 22. Rhg1 Qe8 23. Ng5 c5 24. Nxe6 fxe6 25. Bxg6 Nf4 26. Bg7+ Kxg7 27. h8Q+ Rxh8 28. Bxe8+ Ng2 29. Rxg2+ Bxg2 30. Qxg2+ Kf8 31. Qxa8 1-0

[Event "Titled Tuesday intern op 12th Dec Early"]
[Site "Chess.com INT"]
[Date "2023.12.12"]
[Round "5"]
[White "Yeremyan, Alen"]
[Black "Skatchkov, Valery"]
[Result "1-0"]
[WhiteElo "2279"]
[BlackElo "2213"]
[PlyCount "39"]
[EventDate "2023.12.12"]
[EventType "swiss (blitz)"]
[EventRounds "11"]
[EventCountry "USA"]
[SourceTitle "CB51_2023"]
[SourceDate "2023.12.20"]
[SourceVersion "1"]
[SourceVersionDate "2023.12.20"]
[SourceQuality "1"]

1. e4 e5 2. Nf3 d5 3. exd5 e4 4. Qe2 Nf6 5. d3 Qxd5 6. Nc3 Bb4 7. Bd2 Bxc3 8. Bxc3 0-0 9. dxe4 Nxe4 10. Qd3 Nxc3 11. Qxc3 Re8+ 12. Be2 Nc6 13. Rd1 Qxa2 14. 0-0 Be6 15. Bb5 Rad8 16. Ra1 Qd5 17. Bxc6 Qxc6 18. Qxc6 bxc6 19. Rxa7 Rd2 20. Nxd2 1-0

[Event "Titled Tuesday intern op 14th Nov Early"]
[Site "Chess.com INT"]
[Date "2023.11.14"]
[Round "11"]
[White "Yeremyan, Alen"]
[Black "Skatchkov, Valery"]
[Result "1-0"]
[WhiteElo "2279"]
[BlackElo "2213"]
[PlyCount "57"]
[EventDate "2023.11.14"]
[EventType "swiss (blitz)"]
[EventRounds "11"]
[EventCountry "USA"]
[SourceTitle "CB47_2023"]
[SourceDate "2023.11.22"]
[SourceVersion "1"]
[SourceVersionDate "2023.11.22"]
[SourceQuality "1"]

1. e4 e5 2. Nf3 d5 3. Qe2 Nf6 4. exd5 e4 5. Nc3 Be7 6. Nxe4 Nxd5 7. Nc3 Be6 8. Nd4 Nxc3 9. dxc3 Bd7 10. Be3 0-0 11. 0-0-0 c6 12. Nf5 Bf6 13. g4 Qa5 14. Kb1 Be6 15. a3 b5 16. Bd4 Nd7 17. Bg2 Bxd4 18. Nxd4 Bc4 19. Qe7 Nf6 20. Nxc6 Qb6 21. g5 Qxf2 22. gxf6 Qxg2 23. Rhg1 Qxc6 24. Rxg7+ Kh8 25. Qe5 Qf3 26. Rdg1 Rad8 27. b3 Rd1+ 28. Kb2 Bd3 29. Rg8+ 1-0